Comuni della provincia di Roma che iniziano con M - Statistics

Statistiche generali
  • Questo quiz è stato fatto 12 volte
  • Il punteggio medio è 12 su 17
Statistiche sulle risposte
Comuni % Corretto
Manziana
90%
Mandela
80%
Marcellina
80%
Monteflavio
80%
Montelibretti
80%
Monterotondo
80%
Magliano Romano
70%
Mentana
70%
Monte Compatri
70%
Montelanico
70%
Monte Porzio Catone
70%
Moricone
70%
Morlupo
70%
Marano Equo
60%
Marino
60%
Mazzano Romano
60%
Montorio Romano
60%
Nessun quiz corrispondente trovato
Distribuzione punteggi
Percentuale di utenti per punteggio
Percentile per numero di risposta
I tuoi punteggi nel tempo
Non hai fatto questo quiz